00791nam a22001937a 4500999001900000005001700019010001500036020003000051035001400081037001300095082001000108100001800118245008100136260006100217270007700278300007100355942002400426952014700450 c177364d17736420210219133024.0 aENG-129041 c699.00a978-1-4746-1067-4 aEN-112573 bDBAD/PUB a327.5 aKhanna, Parag aThe Future is Asian: Global Order in the Twenty-First Century/cParag Khanna aGurugrambHachette Book Publishing India Pvt. Ltd.c2019 bGurugrama4th/5th Floors, Corporate Centre, Plot No- 94, Sec- 44e122003 a433p.c24cm(pbk)bIncluding bibliographical references and index. 2ddccENh327.5mKHA 001040708NFICaAVbAVd2021-02-19eDBDA/PUBg699.00l3m6o327.5 KHApEN-112573r2022-06-13 00:00:00s2022-05-06t1v699.00w2021-02-19yEN